| 000 | 01071nas a2200349 4500 | ||
|---|---|---|---|
| 001 | BR0501683 | ||
| 003 | BR-BrBNA | ||
| 005 | 20231205105255.0 | ||
| 007 | ta | ||
| 008 | 230509b bl.|||p| |||| 00| 00por d | ||
| 040 |
_aBR-BrBNA _bpor _cBiblioteca Nacional de Agricultura |
||
| 041 | _a(Pt) | ||
| 072 | _aF03; H20 | ||
| 100 | 1 | _aCarmo, M.G.F. do | |
| 100 | 1 | _aCorrea, F.M. | |
| 100 | 1 | _aCordeiro, E.S. | |
| 100 | 1 | _aCarvalho, A. de O. de | |
| 100 | 1 | _aRossetto, C.A.V. | |
| 245 | 1 | _aTratamentos de erradicação de Xanthomonas vesicatoria e efeitos sobre a qualidade das sementes de tomate | |
| 650 | _aTOMATE | ||
| 650 | _aLYCOPERSICUM ESCULENTUM | ||
| 650 | _aSEMENTE | ||
| 650 | _aMANCHA BACTERIANA | ||
| 650 | _aXANTHOMONAS VESICATORIA | ||
| 650 | _aPODER GERMINATIVO | ||
| 650 | _aFISIOLOGIA VEGETAL | ||
| 650 | _aTEMPERATURA | ||
| 650 | _aRIO DE JANEIRO | ||
| 773 | 0 |
_tHorticultura Brasileira (Brazil) _xISSN 0102-0536 _g(Jul-Sep 2004), v. 22(3) p. 579-584 _wBR0501683 |
|
| 909 |
_a202311 _bLúcia _c55 _dLúcia Elande |
||
| 942 |
_2AGRIS _n0 _cANA |
||
| 999 |
_c182129 _d182129 |
||